000 00459nam a2200121Ia 4500
008 170221s9999 xx 000 0 und d
100 _aKarthik Balakrishnan
245 4 _aThe Effect of Accounting Conservatism on Corporate Investment during the Global Financial Crisis (pages 513–542)
245 _cKarthik Balakrishnan, Ross Watts and Luo Zuo
260 _c2011
650 _xBusiness
856 _uhttp://onlinelibrary.wiley.com/doi/10.1111/jbfa.12206/pdf
999 _c309780
_d309780